Statistics for Metal Bands By Letter

Click here to take the quiz!

General Stats

  • This quiz has been taken 68 times
  • The average score is 9 of 26

Answer Stats

HintAnswer% Correct
B-The Godfathers of Metal, Ode to Tony StarkBlack Sabbath
91%
J-British 80's metal band, homosexual front man, named after a great betrayerJudas Priest
81%
R-German industrial metal band, have a song about Armin MeiwesRammstein
70%
S-One of the big four, finishing up their farewell tour in 2020 with Lamb of God, Behemoth and TestamentSlayer
61%
Z-Rock band from the 80's, drummers name was Frank Beard who ironically didn't have a beard, I know they aren't metal but come on, give me a break, Z is hard!ZZ Top
56%
G-French Metal Band named after a monsterGojira
54%
H-Female led hard rock/metal band, says that "love bites"Halestorm
42%
F-Heavy Band from Los Angeles, they are a scary manufacturer of musicFear Factory
37%
V-Polish death metal band, in Dutch their name means fatherVader
37%
K-Metalcore band from Massachusetts, many fans are torn between Howard and JesseKillswitch Engage
35%
L-Italian metal band, female fronted, told us that heaven isn't trueLacuna Coil
35%
M-Progressive sludge metal band from Atlanta, concept albums dealing with Moby Dick and meeting Rasputin during an out of body experienceMastodon
35%
D-Lead singer is Jewish, cool with the fluDisturbed
33%
Q-Formed in 1980 in Washington, 15 studio albums, they remain silent but have not gone insane, the retain their lucidityQueensryche
33%
A-Totally Instrumental,8 string guitarAnimals as Leaders
30%
E-80's hair band, they're just "more than words" can describeExtreme
28%
P-Metalcore band from Austrailia, have a very strong environmentally aware messageParkway Drive
25%
X-Japanese power metal band formed in 1980, had a song about Saturday and SundayX Japan
21%
T-Lead singer formed second band with the guitar tech for this band, lead singer also put fan in headlock on stage during concertTool
18%
O-Female fronted group named after lead singer, has been shunned lately for saying local music doesn't matterOTEP
16%
C-Singer of DevilDriver's former band, told us the roof was on fireCoal Chamber
14%
I-Band from Boston started in 2002. they want to put a knife in you with no lights onIce Nine Kills
5%
N-Phil Collins cover for the Miami Vice movie, told us that they had ammo signed by usNonpoint
5%
U-Power Metal band from Canada, female fronted, told us that they were going for a ride after darkUnleash The Archers
4%
W-和楽器バンド (I just gave you the answer) Japanese folk metal band formed in 2013Wagakki Band
2%
Y-Christian metalcore band from Minnesota, had a song about what happened to the TitanicYour Memorial
2%

Score Distribution

Percentile by Number Answered

Percent of People with Each Score

Your Score History

You have not taken this quiz